Machine Learning In Data Science Using Python (Record no. 43015)
[ view plain ]
| 000 -LEADER | |
|---|---|
| fixed length control field | 00314nam a2200121Ia 4500 |
| 008 - FIXED-LENGTH DATA ELEMENTS--GENERAL INFORMATION | |
| fixed length control field | 241028s9999 xx 000 0 und d |
| 041 ## - LANGUAGE CODE | |
| Language code of text/sound track or separate title | eng |
| 082 ## - DEWEY DECIMAL CLASSIFICATION NUMBER | |
| Classification number | 005.133 RAO |
| 100 ## - MAIN ENTRY--PERSONAL NAME | |
| Personal name | Rao |
| 245 ## - TITLE STATEMENT | |
| Title | Machine Learning In Data Science Using Python |
| 260 ## - PUBLICATION, DISTRIBUTION, ETC. | |
| Name of publisher, distributor, etc. | Wiley India |
| Place of publication, distribution, etc. | New Delhi |
| Date of publication, distribution, etc. | 2022 |
| 300 ## - PHYSICAL DESCRIPTION | |
| Extent | 926;. P. 23 cm |
| Withdrawn status | Lost status | Damaged status | Not for loan | Home library | Current library | Shelving location | Date acquired | Cost, normal purchase price | Full call number | Barcode | Date last seen | Cost, replacement price | Price effective from | Koha item type |
|---|---|---|---|---|---|---|---|---|---|---|---|---|---|---|
| IMTN | IMTN | Rack 2-A | 07/03/2024 | 649.35 | 005.133 RAO | 33444 | 10/28/2024 | 999.00 | 10/28/2024 | Books |